विश्व का पहला पक्षी / (Record no. 30144)
[ view plain ]
| 000 -LEADER | |
|---|---|
| fixed length control field | 01137nam a22002537a 4500 |
| 005 - DATE AND TIME OF LATEST TRANSACTION | |
| control field | 20090907142418.0 |
| 008 - FIXED-LENGTH DATA ELEMENTS--GENERAL INFORMATION | |
| fixed length control field | 090907t xxu||||| |||| 00| 0 hin d |
| 010 ## - LCCN (DPL NO) | |
| LC control number | B-357218 |
| 020 ## - INTERNATIONAL STANDARD BOOK NUMBER | |
| Terms of availability | 90.00 |
| International Standard Book Number | 9788190218093 |
| 035 ## - SYSTEM CONTROL NUMBER | |
| System control number | B-357218 |
| 037 ## - SOURCE OF ACQUISITION | |
| Source of stock number/acquisition | DBAD / PUB |
| 040 ## - CATALOGING SOURCE | |
| Original cataloging agency | dpl |
| Language of cataloging | hn |
| 082 ## - DEWEY DECIMAL CLASSIFICATION NUMBER | |
| Classification number | 598 |
| 100 ## - MAIN ENTRY--PERSONAL NAME | |
| Personal name | जैन, संतोष कुमारी |
| 245 ## - TITLE STATEMENT | |
| Title | विश्व का पहला पक्षी / |
| Statement of responsibility, etc | संतोष कुमारी जैन |
| 246 ## - VARYING FORM OF TITLE | |
| Title proper/short title | Vishwa Ka Pahla Pakshi |
| Remainder of title | by Santosh Kumari Jain |
| 260 ## - PUBLICATION, DISTRIBUTION, ETC. (IMPRINT) | |
| Place of publication, distribution, etc | दिल्ली |
| Name of publisher, distributor, etc | विशाल पुस्तक भण्डार |
| Date of publication, distribution, etc | 2009 |
| 270 ## - ADDRESS | |
| Address | एफ-14/28, मॉडल टाउन सेकेण्ड स्टाप, |
| City | दिल्ली |
| Postal code | 110009 |
| 300 ## - PHYSICAL DESCRIPTION | |
| Extent | 28पृ. |
| Other physical details | सचित्र |
| Dimensions | 24सेमी (सजिल्द) |
| 650 ## - SUBJECT ADDED ENTRY--TOPICAL TERM | |
| Source of heading or term | पक्षी |
| 650 ## - SUBJECT ADDED ENTRY--TOPICAL TERM | |
| Source of heading or term | Birds |
| 942 ## - ADDED ENTRY ELEMENTS (KOHA) | |
| Source of classification or shelving scheme | Dewey Decimal Classification |
| Item type | Children Books |
| Call number suffix | जैनसं |
| Classification part | 598 |
| Withdrawn status | Lost status | Source of classification or shelving scheme | Damaged status | Not for loan | Home library | Current library | Date acquired | Source of acquisition | Cost, normal purchase price | Total Checkouts | Full call number | Barcode | Date last seen | Copy number | Cost, replacement price | Koha item type |
|---|---|---|---|---|---|---|---|---|---|---|---|---|---|---|---|---|
| Written-off vide DLB M. No. 383 dt 16.05.19 | Dewey Decimal Classification | Janak Puri | Janak Puri | 07/09/2009 | DBAD / PUB | 90.00 | 22 | 598 जैनसं | B-357218 | 06/01/2011 | 1 | 90.00 | Children Books |
